Normal view
MARC view
Entry Personal Name
001 - CONTROL NUMBER
- control field: 84319
003 - CONTROL NUMBER IDENTIFIER
- control field: dpl
005 - DATE AND TIME OF LATEST TRANSACTION
- control field: 20250825150502.0
008 - FIXED-LENGTH DATA ELEMENTS
- fixed length control field: 250825|| aca||aabn | a|a d
040 ## - CATALOGING SOURCE
- Original cataloging agency: dpl
- Transcribing agency: dpl
100 ## - HEADING--PERSONAL NAME
- Personal name: Doley, Ranju Morang
670 ## - SOURCE DATA FOUND
- Source citation: Work cat.: (dpl)213151: Women and the Environment in North East India/, 2023
